000 00453nam a2200181Ia 4500
008 240925s9999 xx 000 0 und d
020 _aNA
082 _a651.7 KHA
100 _aKhalid , Mohammad Ameen
245 0 _aIntroduction to Business for B.Com Part-1
250 _aNA
260 _aKarachi:
_bK.B.BOOK Bank
_c,1995.
300 _aviii,373p.
_bNA
_fPhotocopy
500 _aNA
600 _aManagement
650 _aManagement
942 _cBK
999 _c6751
_d6751